ELECTRIC AND MAGNETIC CIRCUITS (Record no. 584053)

000 -LEADER
fixed length control field 00252nam a22001097a 4500
082 ## - DEWEY DECIMAL CLASSIFICATION NUMBER
Classification number 621.3192 MYC'E
100 ## - MAIN ENTRY--PERSONAL NAME
Personal name MYCHAEL, A
9 (RLIN) 78981
245 ## - TITLE STATEMENT
Title ELECTRIC AND MAGNETIC CIRCUITS
260 ## - PUBLICATION, DISTRIBUTION, ETC.
Place of publication, distribution, etc. NEWYORK
Name of publisher, distributor, etc. MCGRAW HILL
Date of publication, distribution, etc. 1973
300 ## - PHYSICAL DESCRIPTION
Extent 246P
942 ## - ADDED ENTRY ELEMENTS (KOHA)
Koha item type Book
Holdings
Withdrawn status Lost status Damaged status Not for loan Permanent Location Current Location Shelving location Date acquired Total Checkouts Full call number Barcode Date last seen Price effective from Koha item type
        College of Electrical & Mechanical Engineering (CEME) College of Electrical & Mechanical Engineering (CEME) General Stacks 06/21/2017   621.3192 MYC'E CEME-7229 06/28/2021 06/28/2021 Book
© 2023 Central Library, National University of Sciences and Technology. All Rights Reserved.